000 01292cam a2200313 c 4500
003 IT-RoINE
005 20181123073236.0
008 110318s2011 sp a |r|||| 001 | spa d
020 _a9788493677671
040 _aSpMaBN
_bspa
_cSpMaBN IT-RoINE
_erdc
_dIT-RoINE
245 0 3 _aEl duque de Lerma :
_bpoder y literatura en el Siglo de Oro /
_cdirigido por Juan Matas Caballero, José María Micó Juan y Jesús Ponce Cárdenas.
260 _aMadrid :
_bCentro de Estudios Europa Hispánica,
_c2011.
300 _a419 p. :
_bil. col. y n. ;
_c25 cm.
336 _2rdacontent
_atext
337 _2rdamedia
_aunmediated
338 _2rdacarrier
_avolume
490 1 _aConfluencias
500 _aIncluye índice.
504 _aIncluye referencias bibliográficas.
600 1 4 _aGóngora y Argote, Luis de,
_d1561-1627.
_tPanegírico al Duque de Lerma
_954725
600 1 4 _aLerma, Francisco Gómez de Sandoval y Rojas,
_cDuque de,
_d1553-1625
_914943
650 4 _aLiteratura española
_ySiglos 16o.-17o.
_xHistoria y crítica
_912746
651 4 _aEspaña
_xPolítica y gobierno
_y1598-1621
_954726
700 1 _aMatas Caballero, Juan
_954727
700 1 _aMicó, José María,
_d1961-
_922741
700 1 _aPonce Cárdenas, Jesús,
_d1973-
_954728
830 0 _914135
_aConfluencias
942 _cMTS
999 _c27765
_d27765